000
00310nam a22001337a 4500
008
181106b xxu||||| |||| 00| 0 eng d
020
_a
9781600940224
041
_a
eng
080
_2
2nd
_a
610
100
_a
4
101
_a
SHM
245
_a
Crohn's Disease and Ulcerative Colitis
_c
Sklar,J
942
_2
udc
_c
BK
999
_c
52015
_d
52015